000 01987nam a22003017a 4500
005 20221222102631.0
008 221222b ||||| |||| 00| 0 eng d
020 _a8187374500
040 _cAL
041 _aeng
082 _223
_a320.531
_bMEYF
100 _aThomas Meyer
_967459
100 _dNicole Breyer
_967448
245 _aFuture of social democracy
260 _aNew Delhi
_bSamskriti
_c2007
300 _ax,317p.
_bPB
_c21x14cm.
365 _2Political Science
_b375.00
_c
_d375.00
520 _aIn Today S Globalized World, Two Forces Are Competing For Dominance In Countries Governed By The Rule-Of-Law: Liberation Democracy And Social Democracy. For Liberation Democracy The Essential Constituents Of Social Freedom Are To Be Found In Self-Regulated Markets And The Unrestricted Right To Private Property. Social Democracy, On The Other Hand, Underlines The Importance Not Only Of Civil And Political Rights, But Also Basic Social And Economic Rights. It Calls For Social Safeguards To Be Regarded A Fundamental Right, Promotes Social Inclusion And Accords Priority To Political Responsibility Over Market Forces. As Economic And Social Risks Multiply In A Globalized World, Social Democracy Has A Role To Play Not Only Within Individual Societies But Also In Shaping The World Order As A Whole. This Books Shows Different Ways In Which Social Democracy Can Be Designed To Meet Future Needs. It Compares Various Models Of Social Democracy And Their Respective Contributions Towards The Legitimacy And Stability Of The Democratic Order.
_uhttps://fes-org-il-pub.s3.amazonaws.com/Macro/The%20Future%20of%20Social%20Democracy.pdf
650 _aPolitical Action
_967449
650 _aPolitical Economy
_967450
650 _aSocial Welfare State
_967451
650 _aGlobalization Policy
_967452
650 _aPolitical Culture
_967453
650 _aLiberatarian
_967454
700 _aMEYER (Thomas)
_967455
700 _aBREYER (Nicole)
_967456
942 _2ddc
_cDB
999 _c226041
_d226041